[Event "1st 4NCL International U2050"]
[Site "Telford"]
[Date "2018.11.03"]
[Round "6"]
[White "Hughes, Peter"]
[Black "Wilson, Matthew R"]
[Result "1/2-1/2"]
[WhiteElo "1874"]
[BlackElo "1820"]
[Annotator "NA"]
[PlyCount "66"]
[EventDate "2018.10.31"]
[EventType "swiss"]
[EventCountry "GBR"]
[SourceTitle "playchess.com"]
[Source "ChessBase"]
[SourceQuality "1"]
[TimeControl "5400+30"]

1. d4 {[%emt 0:00:00]} Nf6 {[%emt 0:00:00]} 2. c4 {[%emt 0:00:00]} e6 {[%emt 0:00:00]} 3. Nc3 {[%emt 0:00:00]} d5 {[%emt 0:00:00]} 4. cxd5 {[%emt 0:00:02]} exd5 {[%emt 0:00:00]} 5. Bg5 {[%emt 0:00:22]} Be7 {[%emt 0:00:23]} 6. e3 {[%emt 0:00:28]} c6 {[%emt 0:00:09]} 7. Bd3 {[%emt 0:00:39]} Nbd7 {[%emt 0:00:31]} 8. Qc2 {[%emt 0:00:32]} h6 {[%emt 0:00:11]} 9. Bh4 {[%emt 0:00:26]} Nh5 {[%emt 0:00:27]} 10. Bxe7 {[%emt 0:00:57]} Qxe7 {[%emt 0:00:04]} 11. Nge2 {[%emt 0:01:48]} Nb6 {[%emt 0:00:15]} 12. O-O {[%emt 0:09:28]} O-O {[%emt 0:00:54]} 13. Rae1 {[%emt 0:09:05]} Re8 {[%emt 0:10:38]} 14. Kh1 {[%emt 0:07:21]} a6 {[%emt 0:08:31]} 15. Ng1 {[%emt 0:02:30]} Be6 {[%emt 0:01:14]} 16. f4 {[%emt 0:04:59]} Nf6 {[%emt 0:02:37]} 17. Nf3 {[%emt 0:05:41]} Rad8 {[%emt 0:09:21]} 18. f5 {[%emt 0:10:31]} Bc8 {[%emt 0:00:06]} 19. e4 {[%emt 0:04:37]} dxe4 {[%emt 0:00:44]} 20. Nxe4 {[%emt 0:01:35]} Nxe4 {[%emt 0:01:32]} 21. Rxe4 {[%emt 0:03:56]} Qf6 {[%emt 0:04:04]} 22. Qe2 {[%emt 0:09:29]} Rxe4 {[%emt 0:05:33]} 23. Qxe4 {[%emt 0:02:32]} Nd5 {[%emt 0:02:10]} 24. Ne5 {[%emt 0:05:10]} h5 {[%emt 0:11:53]} 25. Qf3 {[%emt 0:06:44]} Qg5 {[%emt 0:01:26]} 26. Bc4 {[%emt 0:03:46]} Rd6 {[%emt 0:03:44]} 27. h3 {[%emt 0:01:43]} a5 {[%emt 0:12:19]} 28. Qf2 {[%emt 0:02:12]} b5 {[%emt 0:04:48]} 29. Bxd5 {[%emt 0:03:34]} cxd5 {[%emt 0:01:11]} 30. Qc2 {[%emt 0:00:48]} Qd8 {[%emt 0:01:54]} 31. Qe2 {[%emt 0:00:43]} Qh4 {[%emt 0:03:01]} 32. Qc2 {[%emt 0:00:49]} Ba6 {[%emt 0:03:44]} 33. Qc7 {[%emt 0:01:09]} Qf6 {[%emt 0:01:30]} 1/2-1/2

[Event "1st 4NCL International U2050"]
[Site "Telford"]
[Date "2018.11.03"]
[Round "6"]
[White "Ali, Golam S"]
[Black "Walley, A Clive"]
[Result "0-1"]
[WhiteElo "1859"]
[BlackElo "1846"]
[Annotator "NA"]
[PlyCount "158"]
[EventDate "2018.10.31"]
[EventType "swiss"]
[EventCountry "GBR"]
[SourceTitle "playchess.com"]
[Source "ChessBase"]
[SourceQuality "1"]
[TimeControl "5400+30"]

1. d4 {[%emt 0:00:20]} Nf6 {[%emt 0:00:00]} 2. c4 {[%emt 0:00:09]} g6 {[%emt 0:00:00]} 3. Nc3 {[%emt 0:00:17]} Bg7 {[%emt 0:00:00]} 4. e4 {[%emt 0:00:09]} d6 {[%emt 0:00:00]} 5. f4 {[%emt 0:00:14]} O-O {[%emt 0:00:00]} 6. Bd3 {[%emt 0:02:19]} c5 {[%emt 0:00:01]} 7. d5 {[%emt 0:00:12]} e6 {[%emt 0:00:09]} 8. f5 {[%emt 0:01:46]} exf5 {[%emt 0:04:20]} 9. exf5 {[%emt 0:00:27]} Re8+ {[%emt 0:08:56]} 10. Nge2 {[%emt 0:03:57]} Ng4 {[%emt 0:10:18]} 11. O-O {[%emt 0:06:12]} Qh4 {[%emt 0:04:14] E70: King's Indian: Miscellaneous lines with 4 e4, including 5 Nge2 and 5 Bd3 0-0 6 Nge2} 12. h3 {[%emt 0:01:53]} Ne3 {[%emt 0:05:29]} 13. Bxe3 {[%emt 0:01:50]} Rxe3 {[%emt 0:00:07]} 14. Rf4 {[%emt 0:02:51]} Qe7 {[%emt 0:06:49]} 15. fxg6 {[%emt 0:23:52]} fxg6 {[%emt 0:02:43]} 16. Qd2 $146 {[%emt 0:02:22]} ({Predecessor:} 16. Re4 Rxe4 17. Bxe4 Nd7 18. Qd2 Ne5 19. b3 {0-1 (27) Byerly,J-Harmon,C (2255) Seattle 1988}) 16... Bh6 {[%emt 0:03:59]} 17. Raf1 {[%emt 0:00:58]} Bxf4 {[%emt 0:03:12]} 18. Rxf4 {[%emt 0:00:05]} Re5 {[%emt 0:03:53]} 19. Ng3 {[%emt 0:03:31]} Nd7 {[%emt 0:08:17]} 20. Nce4 {[%emt 0:01:03]} b6 {[%emt 0:03:34]} 21. h4 {[%emt 0:13:09]} Ba6 {[%emt 0:03:29]} 22. h5 {[%emt 0:03:55]} Rf8 {[%emt 0:07:55]} 23. hxg6 {[%emt 0:01:28]} hxg6 {[%emt 0:06:50]} 24. Rg4 {[%emt 0:06:06]} g5 {[%emt 0:05:57]} 25. Nxg5 {[%emt 0:07:48]} Nf6 {[%emt 0:03:04]} 26. Bh7+ {[%emt 0:11:05]} Kh8 {[%emt 0:02:58]} 27. Rh4 {[%emt 0:00:41]} Nxh7 {[%emt 0:04:03]} 28. Rxh7+ {[%emt 0:02:04]} Qxh7 {[%emt 0:00:04]} 29. Nxh7 {[%emt 0:00:06]} Kxh7 {[%emt 0:00:01]} 30. Qd3+ {[%emt 0:00:37]} Kg7 {[%emt 0:01:07]} 31. Ne2 {[%emt 0:01:09]} Rf6 {[%emt 0:00:38]} 32. Nf4 {[%emt 0:00:57]} Bc8 {[%emt 0:01:18]} 33. Qf3 {[%emt 0:00:36]} Kf7 {[%emt 0:01:13]} 34. g3 {[%emt 0:00:52]} Bd7 {[%emt 0:00:30]} 35. a3 {[%emt 0:00:19]} Rg5 {[%emt 0:00:21]} 36. b4 {[%emt 0:00:40]} Kf8 {[%emt 0:00:49]} 37. bxc5 {[%emt 0:01:31]} bxc5 {[%emt 0:00:01]} 38. Ne6+ {[%emt 0:00:26]} Ke7 {[%emt 0:00:21]} 39. Qb3 {[%emt 0:00:13]} Bxe6 {[%emt 0:00:35]} 40. dxe6 {[%emt 0:00:09]} Kxe6 {[%emt 0:00:37]} 41. Qe3+ {[%emt 0:00:52]} Re5 {[%emt 0:00:06]} 42. Qc3 {[%emt 0:00:29]} Rg6 {[%emt 0:00:25]} 43. Qa5 {[%emt 0:00:45]} Reg5 {[%emt 0:00:47]} 44. Qxa7 {[%emt 0:00:45]} Rxg3+ {[%emt 0:00:03]} 45. Kf2 {[%emt 0:00:07]} Ke5 {[%emt 0:00:09]} 46. Qe7+ {[%emt 0:00:50]} Kd4 {[%emt 0:00:48]} 47. a4 {[%emt 0:00:41]} Kxc4 {[%emt 0:00:29]} 48. Qb7 {[%emt 0:00:15]} Rg2+ {[%emt 0:00:58]} 49. Kf3 {[%emt 0:00:25]} R6g3+ {[%emt 0:00:24]} 50. Kf4 {[%emt 0:00:14]} Rg4+ {[%emt 0:00:56]} 51. Kf3 {[%emt 0:00:13]} d5 {[%emt 0:00:41]} 52. a5 {[%emt 0:00:36]} R2g3+ {[%emt 0:00:08]} 53. Kf2 {[%emt 0:00:07]} Rb3 {[%emt 0:01:17]} 54. Qc7 {[%emt 0:01:12]} Rd4 {[%emt 0:00:21]} 55. a6 {[%emt 0:00:59]} Rd2+ {[%emt 0:00:46]} 56. Ke1 {[%emt 0:00:09]} Ra2 {[%emt 0:01:05]} 57. Qf4+ {[%emt 0:00:51]} d4 {[%emt 0:00:26]} 58. Qc1+ {[%emt 0:00:35]} Kb5 {[%emt 0:00:29]} 59. Qd1 {[%emt 0:00:11]} Rba3 {[%emt 0:00:17]} 60. Qb1+ {[%emt 0:00:43]} Kxa6 {[%emt 0:00:07]} 61. Qg6+ {[%emt 0:00:06]} Kb5 {[%emt 0:00:12]} 62. Qe8+ {[%emt 0:00:40]} Kb4 {[%emt 0:00:10]} 63. Qb8+ {[%emt 0:00:13]} Kc3 {[%emt 0:00:07]} 64. Qg3+ {[%emt 0:00:23]} d3 {[%emt 0:00:27]} 65. Qe5+ {[%emt 0:00:10]} Kb4 {[%emt 0:00:18]} 66. Qb8+ {[%emt 0:00:14]} Kc4 {[%emt 0:00:24]} 67. Qg8+ {[%emt 0:00:13]} Kc3 {[%emt 0:00:08]} 68. Qg7+ {[%emt 0:00:11]} Kc2 {[%emt 0:00:14]} 69. Qg2+ {[%emt 0:00:37]} Kc1 {[%emt 0:00:17]} 70. Qg5+ {[%emt 0:01:54]} d2+ {[%emt 0:00:31]} 71. Ke2 {[%emt 0:00:21]} Rc2 {[%emt 0:02:19]} 72. Kf1 {[%emt 0:01:05]} c4 {[%emt 0:00:35]} 73. Qf4 {[%emt 0:00:15]} Kb2 {[%emt 0:00:45]} 74. Qb8+ {[%emt 0:00:28]} Rb3 {[%emt 0:00:20]} 75. Qh8+ {[%emt 0:00:12]} Kb1 {[%emt 0:00:17]} 76. Ke2 {[%emt 0:00:46]} Rd3 {[%emt 0:00:59]} 77. Qb8+ {[%emt 0:00:51]} Kc1 {[%emt 0:00:12]} 78. Qf4 {[%emt 0:00:22]} Kb1 {[%emt 0:00:45]} 79. Qb8+ {[%emt 0:00:25]} Rb2 {[%emt 0:00:24]} 0-1

[Event "1st 4NCL International U2050"]
[Site "Telford"]
[Date "2018.11.03"]
[Round "6"]
[White "Zdanowski, Adrian"]
[Black "Gogia, Armaan"]
[Result "1-0"]
[WhiteElo "1845"]
[BlackElo "1808"]
[Annotator "NA"]
[PlyCount "75"]
[EventDate "2018.10.31"]
[EventType "swiss"]
[EventCountry "GBR"]
[SourceTitle "playchess.com"]
[Source "ChessBase"]
[SourceQuality "1"]
[TimeControl "5400+30"]

1. Nf3 {[%emt 0:00:00]} d6 {[%emt 0:00:00]} 2. d4 {[%emt 0:00:04]} Nf6 {[%emt 0:00:00]} 3. c4 {[%emt 0:00:05]} g6 {[%emt 0:00:00]} 4. Nc3 {[%emt 0:00:05]} Bg7 {[%emt 0:00:00]} 5. e4 {[%emt 0:00:06]} O-O {[%emt 0:00:00]} 6. Be2 {[%emt 0:00:03]} e5 {[%emt 0:00:05]} 7. O-O {[%emt 0:00:06]} Nc6 {[%emt 0:00:02]} 8. d5 {[%emt 0:00:06]} Ne7 {[%emt 0:00:04]} 9. b4 {[%emt 0:00:28]} a5 {[%emt 0:00:05]} 10. Ba3 {[%emt 0:05:23]} Nd7 {[%emt 0:00:54]} 11. Rc1 {[%emt 0:02:37]} b6 {[%emt 0:02:12]} 12. Qc2 {[%emt 0:07:17]} h6 {[%emt 0:04:08]} 13. Nd2 {[%emt 0:03:44]} f5 {[%emt 0:01:14]} 14. bxa5 {[%emt 0:00:35]} Rxa5 {[%emt 0:00:35]} 15. Bb4 {[%emt 0:00:04]} Ra8 {[%emt 0:01:54]} 16. Nb5 {[%emt 0:04:29]} Nf6 {[%emt 0:04:16]} 17. f3 {[%emt 0:00:57]} f4 {[%emt 0:02:44]} 18. a4 {[%emt 0:00:22]} g5 {[%emt 0:11:38]} 19. Ra1 {[%emt 0:02:59]} h5 {[%emt 0:04:27]} 20. a5 {[%emt 0:00:05]} bxa5 {[%emt 0:02:24]} 21. Rxa5 {[%emt 0:00:44]} Rb8 {[%emt 0:03:31]} 22. Ra7 {[%emt 0:00:30]} c6 {[%emt 0:01:44]} 23. Ba5 {[%emt 0:00:49]} Qe8 {[%emt 0:04:04]} 24. Nxd6 {[%emt 0:01:11]} Qg6 {[%emt 0:00:38]} 25. Rxe7 {[%emt 0:00:39]} Nxd5 {[%emt 0:00:44]} 26. cxd5 {[%emt 0:02:46]} Qxd6 {[%emt 0:01:53]} 27. Bc7 {[%emt 0:01:41]} Qxe7 {[%emt 0:00:48]} 28. Bxb8 {[%emt 0:00:02]} cxd5 {[%emt 0:02:26]} 29. Ra1 {[%emt 0:02:18]} dxe4 {[%emt 0:01:33]} 30. Nxe4 {[%emt 0:00:30]} Bf5 {[%emt 0:01:12]} 31. Qb3+ {[%emt 0:02:17]} Kh8 {[%emt 0:01:13]} 32. Bd6 {[%emt 0:00:13]} Qd8 {[%emt 0:01:53]} 33. Rd1 {[%emt 0:02:23]} Re8 {[%emt 0:03:48]} 34. Bxe5 {[%emt 0:01:25]} Qe7 {[%emt 0:00:15]} 35. Bxg7+ {[%emt 0:00:38]} Qxg7 {[%emt 0:00:25]} 36. Qd5 {[%emt 0:01:44]} Bxe4 {[%emt 0:02:08]} 37. fxe4 {[%emt 0:00:14]} g4 {[%emt 0:00:21]} 38. Qxh5+ {[%emt 0:00:20]} 1-0

[Event "1st 4NCL International U2050"]
[Site "Telford"]
[Date "2018.11.03"]
[Round "6"]
[White "Di-Vetta, Andrew"]
[Black "Chen, Daniel Xingyu"]
[Result "0-1"]
[WhiteElo "1681"]
[BlackElo "1258"]
[Annotator "NA"]
[PlyCount "110"]
[EventDate "2018.10.31"]
[EventType "swiss"]
[EventCountry "GBR"]
[SourceTitle "playchess.com"]
[Source "ChessBase"]
[SourceQuality "1"]
[TimeControl "5400+30"]

1. e4 {[%emt 0:00:00]} c5 {[%emt 0:00:00]} 2. Nc3 {[%emt 0:00:00]} Nc6 {[%emt 0:00:00]} 3. Nf3 {[%emt 0:00:01]} g6 {[%emt 0:00:33]} 4. Bb5 {[%emt 0:00:11]} Bg7 {[%emt 0:00:49]} 5. O-O {[%emt 0:00:25]} e6 {[%emt 0:01:52]} 6. Re1 {[%emt 0:00:12]} Nge7 {[%emt 0:00:22]} 7. d3 {[%emt 0:04:10]} a6 {[%emt 0:00:24]} 8. Bxc6 {[%emt 0:00:54]} Nxc6 {[%emt 0:00:09]} 9. Bf4 {[%emt 0:01:08]} O-O {[%emt 0:04:16]} 10. Bd6 {[%emt 0:00:56]} Re8 {[%emt 0:02:19]} 11. e5 {[%emt 0:03:00]} b6 {[%emt 0:06:59]} 12. Ne4 {[%emt 0:02:33]} Bb7 {[%emt 0:02:26]} 13. c3 {[%emt 0:01:27]} Ne7 {[%emt 0:02:17]} 14. Nfd2 {[%emt 0:06:50]} Nc6 {[%emt 0:05:06]} 15. f4 {[%emt 0:00:27]} Ne7 {[%emt 0:00:37]} 16. Qe2 {[%emt 0:06:39]} Nd5 {[%emt 0:02:39]} 17. Qf2 {[%emt 0:00:51]} Bc6 {[%emt 0:02:15]} 18. a3 {[%emt 0:01:50]} f5 {[%emt 0:04:19]} 19. exf6 {[%emt 0:01:54]} Nxf6 {[%emt 0:00:57]} 20. Nxf6+ {[%emt 0:01:03]} Qxf6 {[%emt 0:00:29]} 21. Nc4 {[%emt 0:03:00]} Qf5 {[%emt 0:03:45]} 22. Rad1 {[%emt 0:04:03]} Qd5 {[%emt 0:05:36]} 23. Bc7 {[%emt 0:01:11]} Ra7 {[%emt 0:05:24]} 24. Bxb6 {[%emt 0:00:31]} Rb7 {[%emt 0:00:40]} 25. Bxc5 {[%emt 0:00:30]} Bf8 {[%emt 0:04:48]} 26. Re5 {[%emt 0:00:26]} Bxc5 {[%emt 0:00:36]} 27. Rxd5 {[%emt 0:01:12]} Bxf2+ {[%emt 0:00:15]} 28. Kxf2 {[%emt 0:00:02]} Bxd5 {[%emt 0:00:31]} 29. Rd2 {[%emt 0:02:30]} Bxc4 {[%emt 0:00:11]} 30. dxc4 {[%emt 0:00:05]} Rd8 {[%emt 0:00:36]} 31. b4 {[%emt 0:00:16]} Rc7 {[%emt 0:00:21]} 32. Rd4 {[%emt 0:00:29]} Kf7 {[%emt 0:00:28]} 33. Ke3 {[%emt 0:00:21]} Ke7 {[%emt 0:00:58]} 34. g4 {[%emt 0:00:25]} Rdc8 {[%emt 0:01:43]} 35. Kd3 {[%emt 0:00:20]} Rc6 {[%emt 0:00:38]} 36. c5 {[%emt 0:01:25]} d6 {[%emt 0:00:24]} 37. cxd6+ {[%emt 0:01:26]} Rxd6 {[%emt 0:00:09]} 38. Rxd6 {[%emt 0:01:02]} Kxd6 {[%emt 0:00:06]} 39. c4 {[%emt 0:00:08]} a5 {[%emt 0:00:50]} 40. Kd4 {[%emt 0:00:32]} Rf8 {[%emt 0:02:03]} 41. c5+ {[%emt 0:00:23]} Kc6 {[%emt 0:00:39]} 42. Ke5 {[%emt 0:01:17]} axb4 {[%emt 0:00:24]} 43. axb4 {[%emt 0:00:04]} Rb8 {[%emt 0:03:16]} 44. h4 {[%emt 0:03:53]} Rxb4 {[%emt 0:00:58]} 45. h5 {[%emt 0:00:10]} gxh5 {[%emt 0:00:23]} 46. gxh5 {[%emt 0:00:11]} Kxc5 {[%emt 0:00:21]} 47. h6 {[%emt 0:00:41]} Rd4 {[%emt 0:02:33]} 48. Kf6 {[%emt 0:01:33]} Rxf4+ {[%emt 0:00:09]} 49. Kg7 {[%emt 0:00:10]} Rh4 {[%emt 0:00:34]} 50. Kxh7 {[%emt 0:00:04]} Rxh6+ {[%emt 0:00:09]} 51. Kxh6 {[%emt 0:00:08]} Kd4 {[%emt 0:00:10]} 52. Kg5 {[%emt 0:00:17]} e5 {[%emt 0:00:05]} 53. Kg4 {[%emt 0:00:09]} e4 {[%emt 0:00:09]} 54. Kg3 {[%emt 0:00:24]} Ke3 {[%emt 0:00:15]} 55. Kg2 {[%emt 0:00:10]} Kd4 {[%emt 0:00:23]} 0-1

[Event "1st 4NCL International U2050"]
[Site "Telford"]
[Date "2018.11.03"]
[Round "6"]
[White "Burgoyne, Peter A"]
[Black "Bryant, Richard B E"]
[Result "1-0"]
[WhiteElo "1665"]
[BlackElo "1854"]
[Annotator "NA"]
[PlyCount "109"]
[EventDate "2018.10.31"]
[EventType "swiss"]
[EventCountry "GBR"]
[SourceTitle "playchess.com"]
[Source "ChessBase"]
[SourceQuality "1"]
[TimeControl "5400+30"]

1. e4 {[%emt 0:00:00]} e6 {[%emt 0:00:00]} 2. Nf3 {[%emt 0:00:00]} d5 {[%emt 0:00:00]} 3. e5 {[%emt 0:00:04]} c5 {[%emt 0:00:24]} 4. b4 {[%emt 0:00:23]} cxb4 {[%emt 0:00:35]} 5. d4 {[%emt 0:00:15]} Nc6 {[%emt 0:00:42]} 6. a3 {[%emt 0:00:22]} Bd7 {[%emt 0:01:16]} 7. axb4 {[%emt 0:00:42]} Bxb4+ {[%emt 0:00:08]} 8. c3 {[%emt 0:00:13]} Be7 {[%emt 0:00:53]} 9. Bd3 {[%emt 0:00:26]} f5 {[%emt 0:01:06]} 10. h4 {[%emt 0:02:33]} g6 {[%emt 0:03:54]} 11. g4 {[%emt 0:03:37]} Qb6 {[%emt 0:14:28]} 12. gxf5 {[%emt 0:02:52]} gxf5 {[%emt 0:08:52]} 13. Ng5 {[%emt 0:03:08]} h5 {[%emt 0:00:32]} 14. Be2 {[%emt 0:02:32]} Nh6 {[%emt 0:01:24]} 15. Bxh5+ {[%emt 0:01:57]} Kf8 {[%emt 0:02:04]} 16. Nh3 {[%emt 0:04:26]} Nf7 {[%emt 0:07:42]} 17. Nf4 {[%emt 0:03:54]} Ke8 {[%emt 0:00:24]} 18. Rg1 {[%emt 0:02:59]} Bf8 {[%emt 0:06:56]} 19. Rg6 {[%emt 0:05:15]} Ne7 {[%emt 0:02:44]} 20. Rf6 {[%emt 0:05:05]} Rh7 {[%emt 0:00:29]} 21. Bxf7+ {[%emt 0:02:46]} Kd8 {[%emt 0:00:59]} 22. Nxe6+ {[%emt 0:09:14]} Bxe6 {[%emt 0:03:22]} 23. Rxe6 {[%emt 0:02:01]} Qc7 {[%emt 0:03:32]} 24. Rd6+ {[%emt 0:01:23]} Kc8 {[%emt 0:00:05]} 25. Be6+ {[%emt 0:01:24]} Kb8 {[%emt 0:00:12]} 26. Qf3 {[%emt 0:13:33]} Rxh4 {[%emt 0:03:24]} 27. Bg5 {[%emt 0:04:33]} Re4+ {[%emt 0:00:23]} 28. Kd2 {[%emt 0:01:31]} Nc6 {[%emt 0:00:42]} 29. Bxf5 {[%emt 0:05:00]} Nxd4 {[%emt 0:05:29]} 30. cxd4 {[%emt 0:05:02]} Rxd4+ {[%emt 0:00:30]} 31. Bd3 {[%emt 0:00:55]} Bxd6 {[%emt 0:02:05]} 32. exd6 {[%emt 0:00:16]} Qxd6 {[%emt 0:01:20]} 33. Qg3 {[%emt 0:01:29]} Kc7 {[%emt 0:03:04]} 34. Nc3 {[%emt 0:00:27]} Qxg3 {[%emt 0:01:49]} 35. fxg3 {[%emt 0:00:04]} Rg4 {[%emt 0:00:37]} 36. Bf4+ {[%emt 0:01:39]} Kc6 {[%emt 0:01:24]} 37. Rc1 {[%emt 0:00:28]} Rgg8 {[%emt 0:08:59]} 38. Be2 {[%emt 0:00:49]} Rad8 {[%emt 0:03:32]} 39. Nb5+ {[%emt 0:00:26]} Kd7 {[%emt 0:00:28]} 40. Rc7+ {[%emt 0:00:56]} Ke6 {[%emt 0:00:43]} 41. Nd4+ {[%emt 0:00:41]} Kf6 {[%emt 0:01:08]} 42. Rxb7 {[%emt 0:00:20]} Ra8 {[%emt 0:03:14]} 43. Bh5 {[%emt 0:01:08]} Rg7 {[%emt 0:01:13]} 44. Rb5 {[%emt 0:01:51]} Rd8 {[%emt 0:01:04]} 45. Nf3 {[%emt 0:01:05]} Kf5 {[%emt 0:01:11]} 46. Nd4+ {[%emt 0:00:29]} Ke4 {[%emt 0:01:19]} 47. Ne6 {[%emt 0:00:28]} Rxg3 {[%emt 0:03:44]} 48. Bxg3 {[%emt 0:00:46]} Rg8 {[%emt 0:00:14]} 49. Rb3 {[%emt 0:00:41]} Kf5 {[%emt 0:01:19]} 50. Nd4+ {[%emt 0:00:44]} Kg5 {[%emt 0:00:16]} 51. Bf3 {[%emt 0:00:49]} Kf6 {[%emt 0:01:19]} 52. Bf2 {[%emt 0:00:37]} Ke5 {[%emt 0:00:22]} 53. Nc6+ {[%emt 0:00:27]} Kd6 {[%emt 0:00:06]} 54. Nxa7 {[%emt 0:00:20]} Ra8 {[%emt 0:00:08]} 55. Rd3 {[%emt 0:00:23]} 1-0

[Event "1st 4NCL International U2050"]
[Site "Telford"]
[Date "2018.11.03"]
[Round "6"]
[White "Parry, Jacques"]
[Black "Towers, Nigel S"]
[Result "1/2-1/2"]
[WhiteElo "1625"]
[BlackElo "1843"]
[Annotator "NA"]
[PlyCount "100"]
[EventDate "2018.10.31"]
[EventType "swiss"]
[EventCountry "GBR"]
[SourceTitle "playchess.com"]
[Source "ChessBase"]
[SourceQuality "1"]
[TimeControl "5400+30"]

1. d4 {[%emt 0:00:00]} Nf6 {[%emt 0:00:00]} 2. c4 {[%emt 0:00:12]} e6 {[%emt 0:00:00]} 3. Nf3 {[%emt 0:00:23]} Bb4+ {[%emt 0:00:00]} 4. Nbd2 {[%emt 0:00:49]} O-O {[%emt 0:04:53]} 5. a3 {[%emt 0:01:22]} Bxd2+ {[%emt 0:00:27]} 6. Nxd2 {[%emt 0:01:45]} d6 {[%emt 0:01:54]} 7. Nf3 {[%emt 0:03:38]} Nbd7 {[%emt 0:02:23]} 8. g3 {[%emt 0:03:23]} Ne4 {[%emt 0:10:50]} 9. Bg2 {[%emt 0:00:58]} f5 {[%emt 0:00:43]} 10. O-O {[%emt 0:01:26]} Ndf6 {[%emt 0:04:48]} 11. Nd2 {[%emt 0:01:52]} Qe7 {[%emt 0:06:25]} 12. f3 {[%emt 0:02:41]} Nxd2 {[%emt 0:00:24]} 13. Bxd2 {[%emt 0:00:49]} Re8 {[%emt 0:03:36]} 14. Bc3 {[%emt 0:06:10]} e5 {[%emt 0:06:36]} 15. dxe5 {[%emt 0:09:34]} dxe5 {[%emt 0:00:03]} 16. Bb4 {[%emt 0:01:15]} c5 {[%emt 0:02:43]} 17. Bc3 {[%emt 0:00:12]} Rd8 {[%emt 0:11:49]} 18. Qc2 {[%emt 0:01:54]} g6 {[%emt 0:09:20]} 19. Rad1 {[%emt 0:04:35]} Bd7 {[%emt 0:03:41]} 20. Rd2 {[%emt 0:03:00]} Bc6 {[%emt 0:02:09]} 21. Rfd1 {[%emt 0:01:30]} Rxd2 {[%emt 0:00:25]} 22. Qxd2 {[%emt 0:04:21]} Re8 {[%emt 0:04:31]} 23. Qd6 {[%emt 0:03:20]} Kf7 {[%emt 0:02:57]} 24. Qxe7+ {[%emt 0:04:52]} Rxe7 {[%emt 0:00:07]} 25. b3 {[%emt 0:06:20]} e4 {[%emt 0:08:29]} 26. Bxf6 {[%emt 0:03:33]} Kxf6 {[%emt 0:00:10]} 27. f4 {[%emt 0:00:14]} Rd7 {[%emt 0:01:40]} 28. Rxd7 {[%emt 0:00:21]} Bxd7 {[%emt 0:00:04]} 29. a4 {[%emt 0:01:42]} b6 {[%emt 0:02:20]} 30. e3 {[%emt 0:02:30]} Ke6 {[%emt 0:01:58]} 31. Kf2 {[%emt 0:01:41]} Kd6 {[%emt 0:00:38]} 32. Ke1 {[%emt 0:00:24]} Kc7 {[%emt 0:01:23]} 33. Kd2 {[%emt 0:00:58]} Kb7 {[%emt 0:01:07]} 34. Kc3 {[%emt 0:00:36]} Ka6 {[%emt 0:01:45]} 35. Kb2 {[%emt 0:02:45]} Ka5 {[%emt 0:01:09]} 36. Ka3 {[%emt 0:00:17]} a6 {[%emt 0:01:41]} 37. Bf1 {[%emt 0:01:09]} b5 {[%emt 0:00:24]} 38. axb5 {[%emt 0:02:48]} axb5 {[%emt 0:00:06]} 39. Be2 {[%emt 0:02:16]} b4+ {[%emt 0:00:28]} 40. Kb2 {[%emt 0:00:23]} Kb6 {[%emt 0:00:13]} 41. Kc1 {[%emt 0:03:01]} Kc7 {[%emt 0:00:19]} 42. Kd2 {[%emt 0:00:12]} Kd6 {[%emt 0:00:15]} 43. Ke1 {[%emt 0:01:22]} Ke7 {[%emt 0:00:26]} 44. Kf2 {[%emt 0:00:19]} Kf6 {[%emt 0:00:08]} 45. Kg2 {[%emt 0:01:53]} h6 {[%emt 0:00:47]} 46. Kf2 {[%emt 0:00:25]} g5 {[%emt 0:01:49]} 47. Kg2 {[%emt 0:00:55]} Be8 {[%emt 0:01:12]} 48. Kf2 {[%emt 0:00:32]} Bd7 {[%emt 0:00:39]} 49. Kg2 {[%emt 0:00:08]} Kg7 {[%emt 0:00:56]} 50. Kf2 {[%emt 0:00:29]} Kf6 {[%emt 0:00:21]} 1/2-1/2

[Event "1st 4NCL International U2050"]
[Site "Telford"]
[Date "2018.11.03"]
[Round "6"]
[White "Aubury, Benjamin"]
[Black "Gorgun, Aliriza Atif"]
[Result "0-1"]
[WhiteElo "1566"]
[BlackElo "1739"]
[Annotator "NA"]
[PlyCount "80"]
[EventDate "2018.10.31"]
[EventType "swiss"]
[EventCountry "GBR"]
[SourceTitle "playchess.com"]
[Source "ChessBase"]
[SourceQuality "1"]
[TimeControl "5400+30"]

1. d4 {[%emt 0:00:00]} Nf6 {[%emt 0:00:00]} 2. c4 {[%emt 0:00:00]} g6 {[%emt 0:00:00]} 3. Nc3 {[%emt 0:00:00]} Bg7 {[%emt 0:00:00]} 4. e4 {[%emt 0:00:00]} d6 {[%emt 0:00:00]} 5. Be2 {[%emt 0:00:09]} O-O {[%emt 0:00:08]} 6. h4 {[%emt 0:00:08]} c5 {[%emt 0:00:09]} 7. d5 {[%emt 0:00:06]} e6 {[%emt 0:00:05]} 8. h5 {[%emt 0:00:09]} exd5 {[%emt 0:00:20]} 9. exd5 {[%emt 0:00:08]} Re8 {[%emt 0:03:27]} 10. Kf1 {[%emt 0:00:01]} Ne4 {[%emt 0:01:22]} 11. Nxe4 {[%emt 0:02:51]} Rxe4 {[%emt 0:00:06]} 12. Bd3 {[%emt 0:00:28]} Re8 {[%emt 0:00:40]} 13. Nh3 {[%emt 0:10:46]} Nd7 {[%emt 0:16:59]} 14. hxg6 {[%emt 0:01:50]} fxg6 {[%emt 0:00:46]} 15. Ng5 {[%emt 0:01:04]} Nf6 {[%emt 0:01:28]} 16. Nxh7 {[%emt 0:14:38]} Nxh7 {[%emt 0:02:16]} 17. Bxg6 {[%emt 0:00:10]} Nf6 {[%emt 0:01:36]} 18. Bxe8 {[%emt 0:01:14]} Qxe8 {[%emt 0:00:09]} 19. a4 {[%emt 0:01:22]} Qg6 {[%emt 0:23:23]} 20. Rh4 {[%emt 0:12:37]} Bg4 {[%emt 0:17:15]} 21. f3 {[%emt 0:02:40]} Rf8 {[%emt 0:00:16]} 22. Kg1 {[%emt 0:01:57]} Ne4 {[%emt 0:12:34]} 23. Rxg4 {[%emt 0:01:52]} Qxg4 {[%emt 0:00:13]} 24. fxg4 {[%emt 0:00:39]} Bd4+ {[%emt 0:00:19]} 25. Qxd4 {[%emt 0:00:40]} cxd4 {[%emt 0:00:07]} 26. Bh6 {[%emt 0:00:51]} Rf6 {[%emt 0:03:38]} 27. g5 {[%emt 0:00:30]} Rf4 {[%emt 0:00:31]} 28. g6 {[%emt 0:02:14]} Rg4 {[%emt 0:00:05]} 29. Re1 {[%emt 0:00:49]} d3 {[%emt 0:00:33]} 30. Re3 {[%emt 0:01:27]} Rh4 {[%emt 0:02:54]} 31. g3 {[%emt 0:01:48]} d2 {[%emt 0:00:16]} 32. Rd3 {[%emt 0:03:16]} Rxh6 {[%emt 0:00:27]} 33. Kf1 {[%emt 0:01:48]} Rh1+ {[%emt 0:00:15]} 34. Ke2 {[%emt 0:00:17]} Re1+ {[%emt 0:00:06]} 35. Kf3 {[%emt 0:00:13]} d1=Q+ {[%emt 0:01:32]} 36. Rxd1 {[%emt 0:00:11]} Rxd1 {[%emt 0:00:03]} 37. Kxe4 {[%emt 0:00:08]} Kg7 {[%emt 0:00:28]} 38. Kf5 {[%emt 0:01:21]} Re1 {[%emt 0:00:14]} 39. c5 {[%emt 0:00:15]} Re5+ {[%emt 0:00:05]} 40. Kf4 {[%emt 0:00:12]} Rxd5 {[%emt 0:00:35]} 0-1